| 000 | 00000nam##2200000za#4500 |
| 001 | 9.608116 |
| 003 | CaOODSP |
| 005 | 20210624213451 |
| 007 | cr ||||||||||| |
| 008 | 150406|1977||||xxc|||||o f|0| 0 fre|d |
| 040 | |aCaOODSP|bfre |
| 043 | |an-cn--- |
| 086 | 1 |aS52-2/155-1F-PDF |
| 110 | 1 |aCanada.|bInformation Canada. |bBureau de traduction. |
| 245 | 10|aArrêtés de terminologie de la république française : |h[ressource électronique]|b(audiovisuel, bâtiment, économie et finances, énergie nucléaire, informatique, pétrole, techniques spatiales, transports) |
| 260 | |aOttawa - Ontario : |bInformation Canada. |cc1974, 1977. |
| 300 | |a113p. |
| 490 | 1 |aBulletin de terminologie|vn° 155-1 |
| 500 | |aÉdition numérisée de l'imprimé. [Produit par les Éditions et Services de dépôt, 2014.] Sur la p. de t. : Secrétariat d'État. Bureau des traductions. Division de la Recherche terminologique et linguistique. Texte en anglais et français. « Juillet 1974 » |
| 590 | |a14-22-Supp|b2014-12-24 |
| 830 | #0|aBulletin de terminologie ;|vn° 155-1|w(CaOODSP)9.502162 |
| 856 | 40|ahttp://publications.gc.ca|qPDF|s1233 Ko|uhttps://publications.gc.ca/collections/collection_2014/tpsgc-pwgsc/S52-2-155-1-fra.pdf|yn° 155-1 |